| 000 | 02169nam a22002417a 4500 | ||
|---|---|---|---|
| 005 | 20220407161908.0 | ||
| 008 | 220407b ||||| |||| 00| 0 eng d | ||
| 020 | _a9812049681 | ||
| 040 | _cAloy | ||
| 041 | _aeng | ||
| 082 |
_223 _a950.4 _bMAHC |
||
| 100 |
_aKishore Mahbubani _928352 |
||
| 245 | _aCan Asians think? | ||
| 260 |
_aSingapore _bTimes Books International _c1999 |
||
| 300 |
_a190 p. _bPB _c19x13 cm. |
||
| 520 | _aKISHORE MAHBUBANI has been hailed as "an Asian Toynbee, preoccupied with the rise and fall of civilizations" (The Economist), a "Max Weber of the new 'Confucian ethic'" (Washington Post), and "a prototype twenty-first century leader" (Time). A must-read for anyone with even a passing interest in contemporary Asia, this collection of provocative essays is certain to challenge the way you think. Asia's societies were more culturally and economically advanced than Europe's at the end of the first millennium. And yet by the nineteenth century the West had leaped so far ahead that even some Asians themselves harbored images of inferiority. Mahbubani's analysis of the past and predictions for the future amount to a wake-up call to Asians and Westerners alike. In diverse pieces such as "The Ten Commandments for Developing Countries" and "The Dangers of Decadence: What the Rest Can Teach the West," he asserts that Westerners are largely unaware of their condescending attitudes and practices toward the East and maintain that outdated worldview at their own peril - Asia's economies are poised to surpass those of Europe and North America within the next fifty years. No one who reads these iconoclastic, unabashed arguments will ever regard East-West relations in the same light. “If you are looking for insight into how others perceive us—and the events of September 11 underscore that need—then I know of no better guide than Kishore Mahbubani. His collection of lively essays will both inform and challenge your thinking.” | ||
| 650 |
_aAsia _928353 |
||
| 650 |
_aEast and West _928354 |
||
| 650 |
_aCivilization _928355 |
||
| 650 |
_aValues _928356 |
||
| 700 |
_aMAHBUBANI (Kishore) _928357 |
||
| 942 |
_2ddc _cGF |
||
| 999 |
_c222264 _d222264 |
||